[Event "Las Vegas National op"]
[Site "Las Vegas"]
[Date "2025.06.08"]
[Round "8"]
[White "Rajaram, Rohan"]
[Black "Mohammad, Nubairshah Shaikh"]
[Result "0-1"]
[WhiteElo "2164"]
[BlackElo "2365"]
[PlyCount "67"]
[EventDate "2025.06.04"]
[EventType "swiss"]
[EventRounds "9"]
[EventCountry "USA"]
[SourceTitle "CB24_2025"]
[SourceDate "2025.06.11"]
[SourceVersion "1"]
[SourceVersionDate "2025.06.11"]
[SourceQuality "1"]

1. d4 Nf6 2. c4 d6 3. Nf3 Nbd7 4. Nc3 e5 5. e4 g6 6. g3 Bg7 7. Bg2 a6 8. 0-0 0-0 9. h3 Rb8 10. a4 a5 11. Re1 Re8 12. Be3 exd4 13. Nxd4 Nc5 14. Qc2 Nfd7 15. f4 Na6 16. Rad1 Nb4 17. Qb1 c6 18. Nb3 Qc7 19. Qc1 b6 20. Qd2 Ba6 21. Bf1 Rbd8 22. Qf2 Bc8 23. Bd4 f6 24. Nc1 Nc5 25. b3 f5 26. Bxg7 Qxg7 27. e5 Be6 28. Qf3 dxe5 29. Rxe5 Rxd1 30. Qxd1 Qe7 31. Kh2 Rd8 32. Qe2 Rd4 33. Bg2 Qd6 34. Bd5 0-1

[Event "Las Vegas National op"]
[Site "Las Vegas"]
[Date "2025.06.07"]
[Round "6"]
[White "Rajaram, Rohan"]
[Black "Bick, Gabriel James"]
[Result "1/2-1/2"]
[WhiteElo "2164"]
[BlackElo "2375"]
[PlyCount "99"]
[EventDate "2025.06.04"]
[EventType "swiss"]
[EventRounds "9"]
[EventCountry "USA"]
[SourceTitle "CB24_2025"]
[SourceDate "2025.06.11"]
[SourceVersion "1"]
[SourceVersionDate "2025.06.11"]
[SourceQuality "1"]

1. d4 d5 2. c4 c6 3. cxd5 cxd5 4. Nc3 Nf6 5. Bf4 Nc6 6. e3 a6 7. Bd3 Bg4 8. Nge2 e6 9. 0-0 Bd6 10. f3 Bh5 11. Bxd6 Qxd6 12. Nf4 Bg6 13. Qd2 0-0 14. Bxg6 hxg6 15. Na4 e5 16. Ne2 Rfe8 17. Rac1 Rac8 18. Rfe1 Rc7 19. a3 Rce7 20. dxe5 Nxe5 21. b4 Qd7 22. Nb2 g5 23. Nd4 g4 24. Qf2 gxf3 25. gxf3 Qh3 26. Qg3 Qh5 27. Rc2 Ng6 28. Nd1 Nh4 29. Kh1 Nf5 30. Nxf5 Qxf5 31. Rg1 g6 32. Qg2 Kg7 33. Rc3 Rh8 34. Nf2 Qe5 35. Rgc1 Rh4 36. Rd3 Rc4 37. Rcd1 Rc2 38. Ng4 Qb2 39. R3d2 Rec7 40. Rxc2 Rxc2 41. Qg3 Nxg4 42. fxg4 Rc4 43. Rf1 Rc1 44. Rxc1 Qxc1+ 45. Kg2 Qxa3 46. Qe5+ Kg8 47. Qe8+ Kg7 48. Qe5+ Kf8 49. Qb8+ Kg7 50. Qe5+ 1/2-1/2

[Event "Las Vegas National op"]
[Site "Las Vegas"]
[Date "2025.06.04"]
[Round "1"]
[White "Kevlishvili, Robby"]
[Black "Rajaram, Rohan"]
[Result "1-0"]
[WhiteElo "2543"]
[BlackElo "2164"]
[PlyCount "91"]
[EventDate "2025.06.04"]
[EventType "swiss"]
[EventRounds "9"]
[EventCountry "USA"]
[SourceTitle "CB24_2025"]
[SourceDate "2025.06.11"]
[SourceVersion "1"]
[SourceVersionDate "2025.06.11"]
[SourceQuality "1"]

1. e4 e5 2. Nf3 Nc6 3. Bb5 a6 4. Ba4 Nf6 5. d3 d6 6. c3 g6 7. 0-0 Bg7 8. Re1 0-0 9. h3 Bd7 10. Bc2 Nh5 11. d4 Qe8 12. dxe5 dxe5 13. Be3 Qe7 14. b4 Rfd8 15. Qc1 Be6 16. Ng5 Nf4 17. Nxe6 Qxe6 18. Nd2 Nd3 19. Bxd3 Rxd3 20. Qc2 Rad8 21. Rad1 b6 22. Nf1 Qc4 23. Rxd3 Rxd3 24. Rc1 Rd6 25. f3 a5 26. a3 h6 27. Bf2 Ne7 28. Ne3 Qc6 29. c4 axb4 30. axb4 Rd7 31. Nd5 Qd6 32. c5 Qe6 33. c6 Rd6 34. Nxc7 Qc8 35. Nd5 Nxd5 36. exd5 Rxd5 37. c7 Bf8 38. Qc6 Rd6 39. Qb5 Re6 40. Bxb6 e4 41. Bd4 exf3 42. Qb8 Re8 43. Qxc8 Rxc8 44. b5 fxg2 45. Rc6 Be7 46. b6 1-0

[Event "Titled Tuesday intern op 03rd Jan Late"]
[Site "Chess.com INT"]
[Date "2025.06.03"]
[Round "1"]
[White "Rajaram, Rohan"]
[Black "Avila, Lucas"]
[Result "1-0"]
[WhiteElo "2164"]
[BlackElo "2182"]
[PlyCount "77"]
[EventDate "2025.06.03"]
[EventType "swiss (blitz)"]
[EventRounds "11"]
[EventCountry "USA"]
[SourceTitle "CB24_2025"]
[SourceDate "2025.06.11"]
[SourceVersion "1"]
[SourceVersionDate "2025.06.11"]
[SourceQuality "1"]

1. Nf3 Nf6 2. e3 g6 3. c4 Bg7 4. Nc3 0-0 5. d4 d6 6. Be2 Nbd7 7. 0-0 e5 8. e4 Re8 9. dxe5 dxe5 10. h3 c6 11. Bg5 h6 12. Be3 Qc7 13. Qc2 Nf8 14. Rad1 Ne6 15. b4 Nh5 16. g3 Nd4 17. Nxd4 exd4 18. Bxd4 Bxd4 19. Rxd4 Nxg3 20. Rfd1 Nxe2+ 21. Qxe2 Bxh3 22. Qe3 Be6 23. Qxh6 Rad8 24. Qg5 Rxd4 25. Rxd4 Qb6 26. c5 Qa6 27. a4 b6 28. e5 bxc5 29. bxc5 Bd5 30. Rxd5 cxd5 31. Nxd5 Qxa4 32. Nf6+ Kg7 33. Nxe8+ Qxe8 34. Qf6+ Kg8 35. c6 a5 36. c7 a4 37. Qd8 Kf8 38. Qxe8+ Kxe8 39. c8Q+ 1-0

[Event "Titled Tuesday intern op 03rd Jan Late"]
[Site "Chess.com INT"]
[Date "2025.06.03"]
[Round "7"]
[White "Rajaram, Rohan"]
[Black "Pribelszky, Bence Daniel"]
[Result "1/2-1/2"]
[WhiteElo "2164"]
[BlackElo "2400"]
[PlyCount "136"]
[EventDate "2025.06.03"]
[EventType "swiss (blitz)"]
[EventRounds "11"]
[EventCountry "USA"]
[SourceTitle "CB24_2025"]
[SourceDate "2025.06.11"]
[SourceVersion "1"]
[SourceVersionDate "2025.06.11"]
[SourceQuality "1"]

1. Nf3 f5 2. d4 Nf6 3. c4 e6 4. Nc3 Be7 5. h3 0-0 6. Bf4 d6 7. e3 Qe8 8. Bd3 Nbd7 9. 0-0 Bd8 10. Bh2 e5 11. Bxf5 exd4 12. exd4 Nb6 13. Re1 Qf7 14. Ng5 Qxc4 15. Ne6 Re8 16. d5 Nbxd5 17. Rc1 Ne7 18. Bd3 Qxe6 19. Rxe6 Bxe6 20. Nb5 Ned5 21. Bc4 Bf7 22. Bxd6 cxd6 23. Nxd6 Re5 24. Qd4 Rh5 25. Nxf7 Kxf7 26. g4 Bb6 27. Qd2 Re5 28. g5 Bxf2+ 29. Qxf2 Rxg5+ 30. Kh2 Re8 31. Rd1 Kg6 32. Rg1 Ree5 33. Rxg5+ Rxg5 34. Qxa7 Nf4 35. Qxb7 Rh5 36. Qf3 Rxh3+ 37. Qxh3 Nxh3 38. Kxh3 Kf5 39. a4 g5 40. a5 g4+ 41. Kg2 Nd7 42. a6 Nb6 43. a7 h5 44. Bd5 Ke5 45. a8Q Nxa8 46. Bxa8 Kd4 47. Bc6 Kc4 48. Ba4 Kb4 49. Bc2 h4 50. Bd1 g3 51. Bc2 Kc4 52. Kf3 Kb4 53. Bd1 Kc4 54. Ba4 Kb4 55. Bc2 Kc4 56. Kg2 Kb4 57. Bd1 Kc4 58. b3+ Kc3 59. Bc2 Kb4 60. Kh3 Kc3 61. Kg2 Kb4 62. Be4 Kc3 63. Bd5 Kb4 64. Kh3 Kc3 65. Bc4 Kb4 66. Bd5 Kc3 67. Kxh4 g2 68. Bxg2 Kxb3 1/2-1/2

[Event "Titled Tuesday intern op 03rd Jan Late"]
[Site "Chess.com INT"]
[Date "2025.06.03"]
[Round "2"]
[White "Yanev, Tihomir"]
[Black "Rajaram, Rohan"]
[Result "1/2-1/2"]
[WhiteElo "2354"]
[BlackElo "2164"]
[PlyCount "112"]
[EventDate "2025.06.03"]
[EventType "swiss (blitz)"]
[EventRounds "11"]
[EventCountry "USA"]
[SourceTitle "CB24_2025"]
[SourceDate "2025.06.11"]
[SourceVersion "1"]
[SourceVersionDate "2025.06.11"]
[SourceQuality "1"]

1. e4 c5 2. Nc3 e6 3. g3 g6 4. Bg2 Bg7 5. d3 Nc6 6. f4 Nge7 7. Nf3 d5 8. 0-0 0-0 9. Bd2 Rb8 10. e5 b5 11. Ne2 f6 12. exf6 Bxf6 13. Rb1 Qc7 14. c3 Bd7 15. g4 e5 16. g5 Bg7 17. fxe5 Nxe5 18. d4 cxd4 19. Nexd4 Ng4 20. h3 Ne5 21. Qe2 Nf5 22. Nxe5 Bxe5 23. Nxf5 Bxf5 24. Rbd1 d4 25. cxd4 Bxd4+ 26. Kh1 Rbe8 27. Qf3 Kh8 28. Bf4 Qg7 29. Qb3 Be4 30. Qxb5 Bxg2+ 31. Kxg2 Re6 32. Rd2 Rb6 33. Qd3 Rxb2 34. Rxb2 Bxb2 35. Bg3 Re8 36. Rf2 Be5 37. Re2 Qb7+ 38. Qf3 Qxf3+ 39. Kxf3 Rf8+ 40. Kg4 Bxg3 41. Kxg3 Rf7 42. h4 Kg7 43. Re3 h6 44. gxh6+ Kxh6 45. Kg4 Rf5 46. Ra3 Rf7 47. Ra5 Rb7 48. Ra6 Rb4+ 49. Kg3 Kh5 50. Ra5+ Kh6 51. Rxa7 Rb1 52. a4 Rg1+ 53. Kf3 Rf1+ 54. Kg3 Rg1+ 55. Kf3 Rf1+ 56. Kg3 Rg1+ 1/2-1/2

[Event "Titled Tuesday intern op 01st Apr Late"]
[Site "Chess.com INT"]
[Date "2025.04.01"]
[Round "8"]
[White "Rajaram, Rohan"]
[Black "Sarana, Alexey"]
[Result "0-1"]
[WhiteElo "2164"]
[BlackElo "2672"]
[PlyCount "40"]
[EventDate "2025.04.01"]
[EventType "swiss (blitz)"]
[EventRounds "11"]
[EventCountry "USA"]
[SourceTitle "CB21_2025"]
[SourceDate "2025.05.21"]
[SourceVersion "1"]
[SourceVersionDate "2025.05.21"]
[SourceQuality "1"]

1. e4 e5 2. Nf3 Nc6 3. Bc4 Bc5 4. 0-0 Nf6 5. d3 d6 6. c3 a6 7. a4 Ba7 8. b4 0-0 9. Nbd2 Be6 10. Bb3 Qd7 11. Bb2 d5 12. b5 axb5 13. axb5 Ne7 14. Nxe5 Qd6 15. Nef3 dxe4 16. dxe4 Bxb3 17. Qxb3 Qf4 18. Ra4 Ng4 19. e5 Bxf2+ 20. Kh1 Qxa4 0-1

[Event "Titled Tuesday intern op 01st Apr Late"]
[Site "Chess.com INT"]
[Date "2025.04.01"]
[Round "4"]
[White "Vera Gonzalez Quevedo, Reynaldo"]
[Black "Rajaram, Rohan"]
[Result "0-1"]
[WhiteElo "2299"]
[BlackElo "2164"]
[PlyCount "104"]
[EventDate "2025.04.01"]
[EventType "swiss (blitz)"]
[EventRounds "11"]
[EventCountry "USA"]
[SourceTitle "CB15_2025"]
[SourceDate "2025.04.09"]
[SourceVersion "1"]
[SourceVersionDate "2025.04.09"]
[SourceQuality "1"]

1. d4 Nf6 2. c4 g6 3. Nc3 Bg7 4. e4 d6 5. Nf3 0-0 6. Be2 Nbd7 7. 0-0 b6 8. Be3 Bb7 9. Qc2 e6 10. Rad1 Qe7 11. Rfe1 Rad8 12. Bg5 h6 13. Bc1 e5 14. d5 c6 15. dxc6 Bxc6 16. Nd5 Bxd5 17. cxd5 Rc8 18. Qb1 Nc5 19. Bb5 Ncxe4 20. Rxe4 Nxe4 21. Qxe4 f5 22. Qa4 Rc7 23. Bc6 g5 24. Re1 g4 25. Nd4 Rfc8 26. Nxf5 Qf6 27. Qxg4 Rf8 28. Nxh6+ Kh8 29. Nf5 Qxf5 30. Qxf5 Rxf5 31. Re4 Rf8 32. Be3 Rfc8 33. h4 Rxc6 34. dxc6 Rxc6 35. h5 d5 36. Rg4 d4 37. Bg5 Kh7 38. Kf1 Rc2 39. h6 Bf8 40. Bf6 Bxh6 41. Bxe5 d3 42. g3 Rc1+ 43. Kg2 d2 44. Rd4 d1Q 45. Rxd1 Rxd1 46. a3 Rd5 47. f4 Bg7 48. Bxg7 Kxg7 49. Kf3 Rd3+ 50. Kg4 Rb3 51. Kf5 Rxb2 52. g4 Rb5+ 0-1

[Event "Titled Tuesday intern op 26th Nov Late"]
[Site "Chess.com INT"]
[Date "2024.11.26"]
[Round "10"]
[White "Rajaram, Rohan"]
[Black "Yazici, Ugur Doga"]
[Result "1/2-1/2"]
[WhiteElo "2139"]
[BlackElo "2161"]
[PlyCount "69"]
[EventDate "2024.11.26"]
[EventType "swiss (blitz)"]
[EventRounds "11"]
[EventCountry "USA"]
[SourceTitle "CB49_2024"]
[SourceDate "2024.12.04"]
[SourceVersion "1"]
[SourceVersionDate "2024.12.04"]
[SourceQuality "1"]

1. c4 Nf6 2. Nc3 c6 3. d4 d5 4. cxd5 cxd5 5. Bf4 Nc6 6. e3 Bf5 7. Qb3 Na5 8. Bb5+ Bd7 9. Qa4 e6 10. Bxd7+ Nxd7 11. Nf3 a6 12. 0-0 Be7 13. Rac1 b5 14. Qd1 Rc8 15. Qe2 0-0 16. e4 dxe4 17. Nxe4 Qb6 18. Ne5 Nxe5 19. Bxe5 Nc4 20. b3 Nxe5 21. dxe5 Ba3 22. Rxc8 Rxc8 23. Qg4 h6 24. Rd1 Rc1 25. h3 Rxd1+ 26. Qxd1 Bb2 27. Qd7 Bxe5 28. Qe8+ Kh7 29. Qxf7 Qd4 30. Ng5+ hxg5 31. Qh5+ Kg8 32. Qe8+ Kh7 33. Qh5+ Kg8 34. Qe8+ Kh7 35. Qh5+ 1/2-1/2

[Event "Titled Tuesday intern op 13th Aug Late"]
[Site "Chess.com INT"]
[Date "2024.08.13"]
[Round "4"]
[White "Cansun, Can Alp"]
[Black "Rajaram, Rohan"]
[Result "0-1"]
[WhiteElo "2147"]
[BlackElo "2063"]
[PlyCount "86"]
[EventDate "2024.08.13"]
[EventType "swiss (blitz)"]
[EventRounds "11"]
[EventCountry "USA"]
[SourceTitle "EXT 2025"]
[Source "ChessBase"]
[SourceDate "2024.10.14"]
[SourceVersion "1"]
[SourceVersionDate "2024.10.14"]
[SourceQuality "1"]

1. e4 e6 2. d4 d5 3. e5 c5 4. c3 Nc6 5. Nf3 Qb6 6. a3 c4 7. Nbd2 Nge7 8. g3 Bd7 9. Bg2 0-0-0 10. 0-0 h6 11. b4 a5 12. Rb1 Kb8 13. Ne1 f6 14. f4 fxe5 15. fxe5 Nf5 16. Ndf3 g5 17. g4 Nfe7 18. h4 gxh4 19. Kh1 Bg7 20. Nxh4 Rdf8 21. Nef3 h5 22. g5 Nf5 23. Kh2 Rf7 24. Bd2 Nxh4 25. Nxh4 Rhf8 26. Qe2 axb4 27. axb4 Rxf1 28. Rxf1 Rxf1 29. Bxf1 Nxd4 30. cxd4 Qxd4 31. Nf3 Qb2 32. Be1 Qb1 33. Nd4 h4 34. Nf3 Qf5 35. Bxh4 c3 36. Qd3 c2 37. Qd2 Qxf3 38. Qxc2 Qxf1 39. Qg6 Bxe5+ 40. Bg3 Qf2+ 41. Kh1 Qf3+ 42. Kg1 Qxg3+ 43. Kf1 Bb5+ 0-1

[Event "Titled Tuesday intern op 13th Aug Late"]
[Site "Chess.com INT"]
[Date "2024.08.13"]
[Round "2"]
[White "Vasquez Schroder, Rodrigo Rafael"]
[Black "Rajaram, Rohan"]
[Result "1-0"]
[WhiteElo "2457"]
[BlackElo "2063"]
[PlyCount "89"]
[EventDate "2024.08.13"]
[EventType "swiss (blitz)"]
[EventRounds "11"]
[EventCountry "USA"]
[SourceTitle "EXT 2025"]
[Source "ChessBase"]
[SourceDate "2024.10.14"]
[SourceVersion "1"]
[SourceVersionDate "2024.10.14"]
[SourceQuality "1"]

1. e4 e5 2. Nf3 Nc6 3. Bb5 Nf6 4. d3 d6 5. 0-0 a6 6. Bxc6+ bxc6 7. d4 exd4 8. Nxd4 Bb7 9. Nc3 g6 10. Re1 Be7 11. e5 dxe5 12. Rxe5 0-0 13. Bg5 Qd7 14. Nf5 Qxd1+ 15. Rxd1 gxf5 16. Rxe7 Nd5 17. Nxd5 cxd5 18. Rxc7 Rab8 19. Re1 Rfc8 20. Ree7 Rxc7 21. Rxc7 d4 22. Bf6 Re8 23. f3 Bd5 24. Bxd4 Rd8 25. Bf6 Re8 26. c4 Be6 27. b4 Rc8 28. Rxc8+ Bxc8 29. b5 Be6 30. b6 Bc8 31. Kf2 Kf8 32. Ke3 Ke8 33. Kd4 Kd7 34. Kc5 Bb7 35. a4 Ke6 36. Bd4 Kd7 37. Be5 Ke6 38. Bf4 Kd7 39. a5 Ke6 40. Kd4 Bc6 41. Bc7 Bb7 42. Ke3 h6 43. Bf4 Kf6 44. Bxh6 Ke6 45. Bf4 1-0

[Event "Titled Tuesday intern op 06th Aug Late"]
[Site "Chess.com INT"]
[Date "2024.08.06"]
[Round "5"]
[White "Rajaram, Rohan"]
[Black "Medina Paz, Miguel"]
[Result "1-0"]
[WhiteElo "2063"]
[BlackElo "2368"]
[PlyCount "89"]
[EventDate "2024.08.06"]
[EventType "swiss (blitz)"]
[EventRounds "11"]
[EventCountry "USA"]
[SourceTitle "EXT 2025"]
[Source "ChessBase"]
[SourceDate "2024.10.14"]
[SourceVersion "1"]
[SourceVersionDate "2024.10.14"]
[SourceQuality "1"]

1. e4 e6 2. d4 d5 3. e5 c5 4. c3 Nc6 5. Nf3 Nge7 6. Bd3 Qb6 7. 0-0 cxd4 8. cxd4 Bd7 9. Bc2 f6 10. exf6 gxf6 11. Nc3 Ng6 12. Re1 Be7 13. Bd2 Nxd4 14. Nxd4 Qxd4 15. Qe2 Nf4 16. Bxf4 Qxf4 17. Nxd5 Qd6 18. Qh5+ Kd8 19. Nxe7 Kxe7 20. Rad1 Qc6 21. Bb3 Rag8 22. Qh3 e5 23. Rxd7+ Qxd7 24. Qxd7+ Kxd7 25. Bxg8 Rxg8 26. g3 Rc8 27. Re2 Ke6 28. Kg2 f5 29. f3 a6 30. h4 h5 31. Rd2 f4 32. gxf4 exf4 33. Kf2 Ke5 34. Ke2 b5 35. Kd1 a5 36. Re2+ Kf5 37. Re7 Rd8+ 38. Ke2 Rd5 39. Rh7 Kg6 40. Ra7 a4 41. Ra6+ Kf5 42. Rh6 Rd8 43. Rxh5+ Kg6 44. Rxb5 Re8+ 45. Kd2 1-0

[Event "Titled Tuesday intern op 06th Aug Late"]
[Site "Chess.com INT"]
[Date "2024.08.06"]
[Round "8"]
[White "Rajaram, Rohan"]
[Black "Postny, Evgeny"]
[Result "0-1"]
[WhiteElo "2063"]
[BlackElo "2577"]
[PlyCount "76"]
[EventDate "2024.08.06"]
[EventType "swiss (blitz)"]
[EventRounds "11"]
[EventCountry "USA"]
[SourceTitle "EXT 2025"]
[Source "ChessBase"]
[SourceDate "2024.10.14"]
[SourceVersion "1"]
[SourceVersionDate "2024.10.14"]
[SourceQuality "1"]

1. Nf3 f5 2. c4 Nf6 3. Nc3 g6 4. b3 Bg7 5. Bb2 0-0 6. g3 d6 7. Bg2 e5 8. d3 Nc6 9. 0-0 h6 10. Nd5 g5 11. Nxf6+ Qxf6 12. e3 h5 13. d4 e4 14. Nd2 g4 15. h4 gxh3 16. Bxh3 Qg5 17. Kh2 Nb4 18. f4 Qg6 19. Qe2 Be6 20. a3 Nd3 21. Bc3 Rf7 22. b4 Kh7 23. Rg1 Rh8 24. Rg2 Kg8 25. Rag1 Kf8 26. Kh1 Ke7 27. c5 d5 28. b5 Bf6 29. c6 b6 30. Rh2 Rg7 31. Rhg2 Rhg8 32. a4 Qh7 33. Nf1 h4 34. g4 fxg4 35. Bxg4 Rxg4 36. Rxg4 Rxg4 37. Rxg4 Bxg4 38. Qxg4 Nf2+ 0-1

[Event "Titled Tuesday intern op 06th Aug Late"]
[Site "Chess.com INT"]
[Date "2024.08.06"]
[Round "6"]
[White "Trifan, Andrei Ioan"]
[Black "Rajaram, Rohan"]
[Result "0-1"]
[WhiteElo "2289"]
[BlackElo "2063"]
[PlyCount "46"]
[EventDate "2024.08.06"]
[EventType "swiss (blitz)"]
[EventRounds "11"]
[EventCountry "USA"]
[SourceTitle "EXT 2025"]
[Source "ChessBase"]
[SourceDate "2024.10.14"]
[SourceVersion "1"]
[SourceVersionDate "2024.10.14"]
[SourceQuality "1"]

1. Nf3 d5 2. e3 Nf6 3. c4 c6 4. Nc3 e6 5. b3 Nbd7 6. Bb2 Bd6 7. Rc1 0-0 8. Be2 b6 9. 0-0 Bb7 10. d4 Rc8 11. Qc2 c5 12. dxc5 Nxc5 13. Rfd1 Qe7 14. Qb1 Nce4 15. Nxe4 Nxe4 16. Qa1 f6 17. Nd4 f5 18. cxd5 Bxh2+ 19. Kf1 Qh4 20. g3 Qh3+ 21. Ke1 Qg2 22. Rd3 Qxf2+ 23. Kd1 Qg1+ 0-1

[Event "Titled Tuesday intern op 30th Jul Late"]
[Site "Chess.com INT"]
[Date "2024.07.30"]
[Round "9"]
[White "Rajaram, Rohan"]
[Black "Goryachkina, Aleksandra"]
[Result "0-1"]
[WhiteElo "2129"]
[BlackElo "2545"]
[PlyCount "82"]
[EventDate "2024.07.30"]
[EventType "swiss (blitz)"]
[EventRounds "11"]
[EventCountry "USA"]
[SourceTitle "EXT 2025"]
[Source "ChessBase"]
[SourceDate "2024.10.14"]
[SourceVersion "1"]
[SourceVersionDate "2024.10.14"]
[SourceQuality "1"]

1. e4 c5 2. Nf3 e6 3. d4 cxd4 4. Nxd4 a6 5. Nc3 b5 6. a3 Bb7 7. Be3 Nc6 8. f3 Nf6 9. Qd2 Qc7 10. Be2 Be7 11. 0-0 0-0 12. Rad1 d6 13. Kh1 Rac8 14. Nxc6 Bxc6 15. Bf4 Rfd8 16. Qe3 Qb7 17. Rd2 d5 18. Rfd1 dxe4 19. fxe4 Rxd2 20. Rxd2 Nxe4 21. Nxe4 Bxe4 22. Bf3 Bxf3 23. Qxf3 Qxf3 24. gxf3 Rd8 25. Rxd8+ Bxd8 26. Kg2 f6 27. b3 e5 28. Be3 Kf7 29. c4 bxc4 30. bxc4 Ke6 31. Kf2 Kf5 32. Ke2 e4 33. Bd4 Bc7 34. h3 h5 35. Ke3 exf3 36. Kxf3 g5 37. Bc5 g4+ 38. hxg4+ hxg4+ 39. Kg2 Ke4 40. Be7 f5 41. c5 Kd5 0-1

[Event "Titled Tuesday intern op 23rd Jul Late"]
[Site "Chess.com INT"]
[Date "2024.07.23"]
[Round "1"]
[White "Rajaram, Rohan"]
[Black "Bacrot, Etienne"]
[Result "0-1"]
[WhiteElo "2129"]
[BlackElo "2677"]
[PlyCount "106"]
[EventDate "2024.07.23"]
[EventType "swiss (blitz)"]
[EventRounds "11"]
[EventCountry "USA"]
[SourceTitle "EXT 2025"]
[Source "ChessBase"]
[SourceDate "2024.10.14"]
[SourceVersion "1"]
[SourceVersionDate "2024.10.14"]
[SourceQuality "1"]

1. Nf3 d5 2. d4 Nf6 3. c4 e6 4. Nc3 Be7 5. e3 0-0 6. Bd3 b6 7. cxd5 exd5 8. 0-0 Bb7 9. Bd2 a6 10. Rc1 Bd6 11. Ne5 c5 12. f4 c4 13. Bb1 b5 14. Ne2 Ne4 15. Ng3 f6 16. Nxe4 dxe4 17. Ng4 Nd7 18. b3 Bd5 19. bxc4 bxc4 20. Bc2 Qe7 21. Bc3 Rab8 22. Qd2 Rb7 23. Rb1 Rfb8 24. Rxb7 Rxb7 25. Rb1 Rb5 26. a4 Rxb1+ 27. Bxb1 Nb6 28. Bc2 Bc6 29. Ba5 Nd5 30. Nf2 f5 31. Qc1 Bb4 32. Bxb4 Qxb4 33. g4 g6 34. gxf5 gxf5 35. a5 Qc3 36. Qb1 Bb5 37. Qd1 Nxe3 38. Qe2 Nxc2 39. Qh5 Qe1+ 40. Kg2 Ne3+ 41. Kh3 Qf1+ 42. Kg3 Qg2+ 43. Kh4 Qxf2+ 44. Kh3 Qg2+ 45. Kh4 Qxh2+ 46. Kg5 Qg3+ 47. Kf6 Qg7+ 48. Ke6 Qd7+ 49. Kf6 Nd5+ 50. Ke5 Qg7+ 51. Kxd5 Qf7+ 52. Kd6 Qxh5 53. Kc5 e3 0-1

[Event "Titled Tuesday intern op 09th Jul Late"]
[Site "Chess.com INT"]
[Date "2024.07.09"]
[Round "9"]
[White "Sidorika, Vladislav"]
[Black "Rajaram, Rohan"]
[Result "1-0"]
[WhiteElo "2278"]
[BlackElo "2129"]
[PlyCount "85"]
[EventDate "2024.07.09"]
[EventType "swiss (blitz)"]
[EventRounds "11"]
[EventCountry "USA"]
[SourceTitle "EXT 2025"]
[Source "ChessBase"]
[SourceDate "2024.10.14"]
[SourceVersion "1"]
[SourceVersionDate "2024.10.14"]
[SourceQuality "1"]

1. c4 e5 2. g3 Nc6 3. Bg2 g6 4. Nc3 Bg7 5. Nf3 d6 6. 0-0 f5 7. Rb1 a5 8. d3 Nf6 9. a3 0-0 10. b4 axb4 11. axb4 f4 12. b5 Ne7 13. Bb2 Bg4 14. h3 Bxf3 15. Bxf3 c6 16. Ne4 Nxe4 17. dxe4 Qd7 18. Bg4 Qc7 19. Qd3 Rad8 20. Ba3 b6 21. bxc6 Nxc6 22. Be6+ Kh8 23. Bd5 Nd4 24. Bb2 Nc6 25. Bc3 Nd4 26. Bxd4 exd4 27. g4 f3 28. exf3 Qe7 29. Rxb6 Rf4 30. Kg2 Rdf8 31. Rfb1 Qf6 32. Rb8 h5 33. Rxf8+ Qxf8 34. e5 Kh7 35. gxh5 dxe5 36. Qxg6+ Kh8 37. Ra1 Rf6 38. Qg4 Rd6 39. Ra8 Rd8 40. Ra7 d3 41. Qg6 d2 42. h6 Bxh6 43. Rh7# 1-0